Statistics for Famous Dutch and Belgian People

Click here to take the quiz!

General Stats

  • This quiz has been taken 14,805 times
    (14,785 since last reset)
  • The average score is 10 of 22

Answer Stats

ClueAnswer% Correct
Painter who cut his ear offVincent van
Gogh
97%
WWII attic diaristAnne Frank
87%
Prince of Orange / father of the countryWilliam
73%
"The Night Watch" painterRembrandt
71%
Fictional detectiveHercule Poirot
56%
King who owned, and misused,
the Congo
Leopold II
50%
Fictional reporter created by HergéTintin
50%
Three-time footballer of the year
during the 1970's
Johan Cruyff
47%
Exotic dancer executed for spyingMata Hari
47%
"Girl with a Pearl Earring" painterJan Vermeer
42%
Loinclothed, high-kicking martial artistJean-Claude
Van Damme
42%
"Discovered" New ZealandAbel Tasman
39%
Artist known for impossible staircasesMC Escher
35%
Painter of fleshy womenPeter Paul Rubens
35%
Five-time Tour de France winnerEddy Merckx
28%
Painter who says what a pipe isn'tRené Magritte
26%
First person to see
single-celled organisms
Antonie van
Leeuwenhoek
25%
Women's tennis greatsKim Clijsters
25%
Namesake of a woodwind instrumentAdolphe Sax
23%
Women's tennis greatsJustine Henin
23%
Mononymous humanist who disagreed
with Luther but preached tolerance
Erasmus
20%
Chanson singer who died in 1978
and was buried in Polynesia
Jacques Brel
16%

Score Distribution

Percentile by Number Answered

Percent of People with Each Score

Your Score History

You have not taken this quiz since the last reset